Escritos filosóficos / (Record no. 90358)

MARC details
000 -LEADER
campo de control de longitud fija 00530nam a2200157 i 4500
001 - NÚMERO DE CONTROL
campo de control 90358
003 - IDENTIFICADOR DE NÚMERO DE CONTROL
campo de control ES-MaACL
005 - FECHA Y HORA DE LA ÚLTIMA TRANSACCIÓN
campo de control 20230906180423.0
008 - DATOS DE LONGITUD FIJA--INFORMACIÓN GENERAL
campo de control de longitud fija 050120s1941 sp c |||| | spa d
100 1# - ENTRADA PRINCIPAL--NOMBRE DE PERSONA
Nombre de persona Ledesma Ramos, Ramiro,
Fechas asociadas al nombre 1905-1936
9 (RLIN) 71157
245 10 - MENCIÓN DEL TÍTULO
Título Escritos filosóficos /
Mención de responsabilidad, etc. por Ramiro Ledesma Ramos.
260 ## - PUBLICACIÓN, DISTRIBUCIÓN, ETC.
Lugar de publicación, distribución, etc. Madrid :
Nombre del editor, distribuidor, etc. [s.n.,
Fecha de publicación, distribución, etc. 1941] (
Fabricante Imp. de los Sobrinos de la Suc. de M. Minuesa de los Ríos)
300 ## - DESCRIPCIÓN FÍSICA
Extensión XLI, 178 p. :
Otras características físicas retr. aut. ;
Dimensiones 22 cm.
852 ## - LOCALIZACIÓN
Ubicación ES-MaACL
Número de control de estantería F-15250
Holdings
Estatus retirado Estado de pérdida Estado de daño No para préstamo Biblioteca de origen Biblioteca actual Ubicación en estantería Fecha de adquisición Fuente de adquisición Total de préstamos Signatura topográfica completa Código de barras Visto por última vez Precio de reemplazo Tipo de ítem Koha
        Biblioteca del Ateneo de Madrid Biblioteca del Ateneo de Madrid Sala Pecera Planta 2 17/01/2008     F-15250 1094356 23/02/2023 23/02/2023 Libro impreso